000 00255nam a2200109Ia 4500
008 190913s9999||||xx |||||||||||||| ||und||
100 _aRoger S.Pressman
245 0 _aSoftware Engineering
260 _aIndia
_bPearson
_c1997
300 _a242
942 _cBK
999 _c8129
_d8129